00625nam a2200193Ia 450000500170000000800410001702000240005804000190008204100120010108200150011310000290012824500680015726000570022530000120028250400550029465000500034965100220039985000100042120240424113851.0131103s9999 xx 000 0 und d a8171566332cRs. 895 aLoreto College aEnglish a370.1bCHA aChandra,(Soti Shivendra) aPrinciples of Education, cS.S. Chandra and Rajendra K. Sharma aDelhibAtlantic Publishers and Distributorsc(c)2004 av,249p  aIncludes bibliographic footnotes and Question Bank aEducation- Principles - Education- Philosophy aIndia - Education aLCLIB